000 01738nam0a2200337 4500
001 RU\NLR\BIBL_A\016315568
005 20230418091936.0
010 _a978-5-6049200-5-3
_970
021 _aRU
_bКН-П-23-007872
_9КН-П-23-0757
035 _a(NLR Aleph) 016315568
035 _a(RuMoRGB)011580669
090 _a13016008
_c13016008
100 _a20230320d2022 u y0rusy50 ca
101 0 _arus
102 _aRU
105 _aac z 000gy
181 0 _ai3
_baxxe
182 0 _an
200 1 _aА я перегорела в пять утра...
_eсборник стихотворений
_fГульнара Учаева
203 _aТекст
_bвизуальный
_cнепосредственный
210 _aПетрозаводск
_cТипография имени А. С. Пушкина
_d2022
215 _a90 с.
_cил., цв. ил., портр.
_d21
330 _aВ сборнике Гульнары Учаевой читатели смогут проследить эволюцию чувств главной героини: от наивно-восторженного почитания до мрачных, колко-ироничных обвинений до сих пор любимого мужчины. Сборник будет интересен женщинам, желающим разобраться в себе и мужчинам, мечтающим хоть немного понять природу женщины
675 _a821.161.1-1
_v4
686 2 _aШ6(2=Р)8-5
700 1 _aУчаева
_bГ. Р.
_gГульнара Р.
942 _cBOOK
980 _aNB